Most Populated Counties in England - Statistics

General Stats
  • This quiz has been taken 29 times
  • The average score is 19 of 25
Answer Stats
Population County % Correct
8,788,010 Greater London
93%
2,868,387 Greater Manchester
89%
1,858,346 Kent
89%
918,369 Norfolk
89%
2,916,132 West Midlands
89%
1,218,613 Devon
86%
1,862,848 Essex
86%
1,078,590 Leicestershire
82%
1,423,145 Merseyside
82%
1,205,616 Surrey
82%
2,349,987 West Yorkshire
82%
1,057,983 Derbyshire
79%
1,860,283 Hampshire
79%
1,157,971 North Yorkshire
79%
1,374,182 South Yorkshire
79%
1,145,823 Nottinghamshire
75%
937,363 Gloucestershire
71%
1,200,620 Hertfordshire
71%
1,096,611 Lincolnshire
71%
982,941 Somerset
71%
950,588 Berkshire
68%
1,531,911 Lancashire
68%
1,098,031 Cheshire
64%
1,125,695 Tyne and Wear
64%
1,135,893 Staffordshire
57%
No matching quizzes found
Score Distribution
Percent of People with Each Score
Percentile by Number Answered
Your Score History
You have not taken this quiz